Soziale Morphologie: ausgewählte Schriften

Saved in:  
Bibliographic Details
Main Author: Halbwachs, Maurice 1877-1945 (Author)
Contributors: Egger, Stephan 1963-2021 (Editor)
Format: Print Book
Language:German
Subito Delivery Service: Order now.
Check availability: HBZ Gateway
WorldCat: WorldCat
Interlibrary Loan:Interlibrary Loan for the Fachinformationsdienste (Specialized Information Services in Germany)
Published: Konstanz UVK, Verl.-Ges. 2002
In: Maurice Halbwachs in der édition discours. (4)
Year: 2002
Series/Journal:Halbwachs, Maurice 1877-1945, Maurice Halbwachs in der édition discours. 4
Édition discours 19
Standardized Subjects / Keyword chains:B Social morphology
Further subjects:B Collection of essays
Online Access: Table of Contents

MARC

LEADER 00000cam a2200000 cb4500
001 1148958177
003 DE-627
005 20250825001140.0
007 tu
008 990729s2002 xx ||||| 00| ||ger c
020 |a 3896698923  |9 3-89669-892-3 
035 |a (DE-627)1148958177 
035 |a (DE-576)078958172 
035 |a (DE-599)BSZ078958172 
035 |a (OCoLC)76399108 
040 |a DE-627  |b ger  |c DE-627  |e rakwb 
041 |a ger 
072 7 |a 1722  |2 wsb 
072 7 |a 9722  |2 wsb 
084 |a 1  |2 ssgn 
084 |a MR 4000  |2 rvk  |0 (DE-625)rvk/123508: 
084 |a MS 1300  |2 rvk  |0 (DE-625)rvk/123591: 
084 |a MQ 3285  |2 rvk  |0 (DE-625)rvk/123441: 
100 1 |0 (DE-588)121749843  |0 (DE-627)061578401  |0 (DE-576)161277233  |4 aut  |a Halbwachs, Maurice  |d 1877-1945 
109 |a Halbwachs, Maurice 1877-1945  |a Halbwachs, Louis Maurice 1877-1945  |a Hālbwāks, Maurīs 1877-1945 
245 1 0 |a Soziale Morphologie  |b ausgewählte Schriften  |c Maurice Halbwachs. Hrsg. und aus dem Franz. übersetzt von Stephan Egger 
264 1 |a Konstanz  |b UVK, Verl.-Ges.  |c 2002 
300 |a 128 S. 
336 |a Text  |b txt  |2 rdacontent 
337 |a ohne Hilfsmittel zu benutzen  |b n  |2 rdamedia 
338 |a Band  |b nc  |2 rdacarrier 
490 1 |a Maurice Halbwachs in der édition discours / Maurice Halbwachs  |v 4 
490 1 |a Edition discours  |v 19 
583 1 |a Archivierung/Langzeitarchivierung gewährleistet  |f PEBW  |x XA-DE-BW  |2 pdager  |5 DE-31 
583 1 |a Archivierung/Langzeitarchivierung gewährleistet  |f SSG  |x XA-DE-BW  |2 pdager  |5 DE-21 
601 |a Morphologie 
601 |a Schrift 
655 7 |a Aufsatzsammlung  |0 (DE-588)4143413-4  |0 (DE-627)105605727  |0 (DE-576)209726091  |2 gnd-content 
689 0 0 |d s  |0 (DE-588)4687773-3  |0 (DE-627)349128669  |0 (DE-576)215038789  |2 gnd  |a Soziale Morphologie 
689 0 |5 (DE-627) 
700 1 |e Hrsg.  |0 (DE-588)1146717547  |0 (DE-627)1008179280  |0 (DE-576)18960008X  |4 edt  |a Egger, Stephan  |d 1963-2021 
800 1 |a Halbwachs, Maurice  |d 1877-1945  |t Maurice Halbwachs in der édition discours.  |v 4  |9 4  |w (DE-627)1160104409  |w (DE-576)090104404  |7 am 
830 0 |a Édition discours  |v 19  |9 19  |w (DE-627)381783146  |w (DE-576)038512645  |w (DE-600)2139744-2  |x 0943-9021  |7 am 
856 4 2 |u http://d-nb.info/963948857/04  |m V:DE-605  |q application/pdf  |3 Inhaltsverzeichnis  |7 1 
935 |a mteo 
936 r v |a MR 4000  |b Klassiker der Soziologie (ältere soziologische Theorie)  |k Soziologie  |k Sozialwissenschaftliche Theorien und Methoden  |k Klassiker der Soziologie (ältere soziologische Theorie)  |0 (DE-627)1270821067  |0 (DE-625)rvk/123508:  |0 (DE-576)200821067 
936 r v |a MS 1300  |b Allgemeine Theorie  |k Soziologie  |k Spezielle Soziologien  |k Soziale Ungleichheit; Schichten,Klassen und Milieu  |k Allgemeine Theorie  |0 (DE-627)1271357631  |0 (DE-625)rvk/123591:  |0 (DE-576)201357631 
936 r v |a MQ 3285  |b Halbwachs, Maurice  |k Soziologie  |k Einführung und Geschichte  |k Einzelne Autoren  |k Autoren H  |k Halbwachs, Maurice  |0 (DE-627)1374803006  |0 (DE-625)rvk/123441:  |0 (DE-576)304803006 
951 |a MV 
ACO |a 1 
ELC |b 1 
ITA |a 1  |t 1 
LOK |0 000 xxxxxcx a22 zn 4500 
LOK |0 001 2362035530 
LOK |0 003 DE-627 
LOK |0 004 1148958177 
LOK |0 005 20020815000000 
LOK |0 008 020815||||||||||||||||ger||||||| 
LOK |0 040   |a DE-21  |c DE-627  |d DE-21 
LOK |0 852   |a DE-21 
LOK |0 852 1  |c 41 A 8355-4  |9 00 
LOK |0 938   |l 40  |8 2 
LOK |0 939   |a 15-08-02  |b l01 
LOK |0 000 xxxxxcx a22 zn 4500 
LOK |0 001 2362035557 
LOK |0 003 DE-627 
LOK |0 004 1148958177 
LOK |0 005 20191112150836 
LOK |0 008 050824||||||||||||||||ger||||||| 
LOK |0 040   |a DE-21-32c  |c DE-627  |d DE-21-32c 
LOK |0 541   |e 02/491 
LOK |0 852   |a DE-21-32c 
LOK |0 852 1  |c F 243-4  |m p  |9 00 
LOK |0 935   |a k32c 
LOK |0 938   |k p 
LOK |0 939   |a 24-08-05  |b l01 
LOK |0 000 xxxxxcx a22 zn 4500 
LOK |0 001 2362035573 
LOK |0 003 DE-627 
LOK |0 004 1148958177 
LOK |0 005 20100408181100 
LOK |0 008 020528||||||||||||||||ger||||||| 
LOK |0 040   |a DE-21-35  |c DE-627  |d DE-21-35 
LOK |0 541   |e 02/42 
LOK |0 852   |a DE-21-35 
LOK |0 852 1  |c Ml 3.586A-4  |m p  |9 00 
LOK |0 938   |k p 
LOK |0 938   |l K9  |8 0 
LOK |0 939   |a 28-05-02  |b l01 
LOK |0 000 xxxxxcx a22 zn 4500 
LOK |0 001 236203559X 
LOK |0 003 DE-627 
LOK |0 004 1148958177 
LOK |0 005 20240422162401 
LOK |0 008 050323||||||||||||||||ger||||||| 
LOK |0 040   |a DE-21-85  |c DE-627  |d DE-21-85 
LOK |0 541   |e 02-134 
LOK |0 689   |a s  |0 131108097X  |a Demographie 
LOK |0 852   |p 614939888911 
LOK |0 852   |a DE-21-85 
LOK |0 852 1  |c 2.063.2002  |m p  |9 00 
LOK |0 935   |a k085  |a isda 
LOK |0 938   |k p 
LOK |0 939   |a 23-03-05  |b l01 
ORI |a SA-MARC-ixtheoa001.raw 
STA 0 0 |a Social morphology 
STB 0 0 |a Morphologie sociale 
STC 0 0 |a Morfología social 
STD 0 0 |a Morfologia sociale 
STG 0 0 |a Morfologia social 
STH 0 0 |a Социальная морфология 
STI 0 0 |a Κοινωνική μορφολογία 
SYG 0 0 |a Sozialmorphologie,Morphologie